Liedtext - Tekkno - Wise Guys - Statistiken

Allgemein
  • Dieses Quiz wurde 16 mal gespielt
  • Das Durchschnittsergebnis liegt bei 115 aus 145
Antwortstatistiken
Antwort % Korrekt
das
100%
die
100%
du
100%
is
100%
See
100%
sie
100%
Who
100%
Alle
90%
alle
90%
auf
90%
dem
90%
der
90%
Entchen!
90%
Entchen
90%
Entchen?
90%
er
90%
fuck
90%
gib
90%
Höh'
90%
in
90%
Köpfchen
90%
meine
90%
Schwänzchen
90%
Schwimmen
90%
(Tekkno)
90%
Tekkno
90%
the
90%
Wasser
90%
aus
80%
bin
80%
dich
80%
Fuchs
80%
Gans
80%
gestohlen
80%
hast
80%
her
80%
holen
80%
Ich
80%
Jäger
80%
Mit
80%
mit
80%
Schießgewehr
80%
Sonst
80%
wieder
80%
drei
70%
Eins
70%
eins
70%
kein
70%
machen
70%
'nem
70%
zwei
70%
außer
60%
bei
60%
Computer
60%
geht
60%
Geld
60%
gibt's
60%
Hat
60%
jetzt
60%
Kohle
60%
Ohne
60%
Produzent
60%
Rente
60%
seine
60%
Stromausfall
60%
tut
60%
überall
60%
weg
60%
großer
50%
Instrumente
50%
Lärm
50%
laufen
50%
schon
50%
Schreck
50%
Teenies
50%
Tekkno-Welt
50%
uns
50%
kommt
40%
dirigiert
30%
Keine übereinstimmenden Quizze gefunden
Verteilung der Resultate
Anzahl Personen mit jedem Resultat
Perzentil nach korrekt beantworteten Fragen
Ihre Resultats-Entwicklung
Sie haben dieses Quiz noch nicht gespielt